000 00308nam a2200121Ia 4500
008 220204s9999 xx 000 0 und d
082 _a536.7
_bNAS
100 _aNash, Leonard K
245 0 _aElements of statistical thermodynamics
250 _aEd.2
260 _aLondon
_bAddison Wesley
_cd1972
942 _cBK
999 _c35384
_d35384